Foundations of nursing practice : (Record no. 2635)

MARC details
000 -LEADER
fixed length control field 01277cam a2200217 i 4500
008 - FIXED-LENGTH DATA ELEMENTS--GENERAL INFORMATION
fixed length control field 170502s2016 stka b 001 0 eng
020 ## - INTERNATIONAL STANDARD BOOK NUMBER
ISBN 9780702066283
020 ## - INTERNATIONAL STANDARD BOOK NUMBER
ISBN 0702066281
245 00 - TITLE STATEMENT
Title Foundations of nursing practice :
Remainder of title fundamentals of holistic care /
Statement of responsibility, etc edited by [Chris Brooker, UK, Anne Waugh, UK], Dalena van Rooyen, Doctor Curationis, M Cur, B Cur (Hons), B Cur, Dip Intensive Care Nursing, Certificate General Management, Deputy Dean, Faculty of Health Sciences, Nelson Mandela Metropolitan University, Port Elizabeth, RSA, Portia J. Jordan, PhD, MBA, MCur, B Cur, Diploma in Nephrology Nursing Science, Diploma in Nursing Education, Associate Professor, Head of Department of Nursing Science, Nelson Mandela Metropolitan University, Port Elizabeth, RSA ; foreword by Sharon Vasuthevan, RN, RM, R Psych, B Cur (Hons), M Sc, PLD Nursing, National Training & Development Manager, Life HealthCare, Johannesburg, RSA.
250 ## - EDITION STATEMENT
Edition statement Second African edition.
260 ## - PUBLICATION, DISTRIBUTION, ETC. (IMPRINT)
Place of publication Missouri
Name of publisher Elsevier Ltd
Date of publication 2016
300 ## - COLLATION
Pagination xiv, 663 pages :
Other physical details illustrations ;
650 #0 - TRACINGS
Main Subject Nursing.
700 1# - ADDITIONAL AUTHOR
Additional Author Brooker, Christine,
700 1# - ADDITIONAL AUTHOR
Additional Author Waugh, Anne,
700 1# - ADDITIONAL AUTHOR
Additional Author Van Rooyen, R. M.,
700 1# - ADDITIONAL AUTHOR
Additional Author Jordan, P. J.
942 ## - ADDED ENTRY ELEMENTS (KOHA)
Item type Books
050 00 - LIBRARY OF CONGRESS CALL NUMBER
Classification number RT41
Item number .F584 2016
082 00 - DEWEY DECIMAL CLASSIFICATION NUMBER
Classification number 610.73
Holdings
Source of classification or shelving scheme Not for loan Permanent location Current location Date acquired Accession No. Full call number Barcode. Koha item type
Library of Congress Classification   Medical Library Medical Library 03/24/2025 2024/64272 RT41.R66 2025-0923 Books